000
00289nam a22001337a 4500
003
SGT
082
_a
615.538
_b
A17A
100
_a
ACHAL, AYODHYA PRASHD
245
_a
AGADA TANTRA
260
_a
VARANSI
_b
CHAUKHAMBHA PUB
_c
2017
300
_a
223
650
_a
AYURVEDA
942
_2
ddc
_c
BK
_0
197
999
_c
11509
_d
11509